000 00452nam a2200157 i 4500
001 93944
003 ES-MaACL
005 20230906181342.0
007 t|
008 050422s1973 sp ||||1| spa d
100 1 _aLópez Riocerezo, José María.
_973920
245 1 0 _aIntenta ser caballero al volante /
_cJosé María López Riocerezo.
260 _aMadrid :
_bStudium,
_c1973.
300 _a272 p. ;
_c18 cm.
852 _aES-MaACL
_jC-54146
_bR.86950
999 _c93944
_d93944